Language Quiz

Random Language Quiz

Puella, servus, mercator Quiz Stats

 Plays Quiz not verified by Sporcle

Challenge
Share
Tweet
Embed
Score 0/30 Timer 10:00
0 Plays Today
Hint Answer % Correct
Servus (abl sing)Servo
100%
Puella (nom sing)Puella
95.2%
Puella (acc sing)Puellam
95.2%
Puella (gen sing)Puellae
95.2%
Puella (dat sing)Puellae
95.2%
Puella (abl sing)Puella
95.2%
Puella (nom plu)Puellae
95.2%
Puella (acc plu)Puellas
95.2%
Puella (gen plu)Puellarum
95.2%
Puella (dat plu)Puellis
95.2%
Puella (abl plu)Puellis
95.2%
Servus (nom sing)Servus
95.2%
Servus (acc sing)Servum
95.2%
Servus (gen sing)Servi
95.2%
Servus (dat sing)Servo
95.2%
Hint Answer % Correct
Servus (nom plu)Servi
95.2%
Servus (acc plu)Servos
95.2%
Servus (gen plu)Servorum
95.2%
Servus (dat plu)Servis
95.2%
Servus (abl plu)Servis
95.2%
Mercator (nom sing)Mercator
95.2%
Mercator (acc sing)Mercatorem
95.2%
Mercator (gen sing)Mercatoris
95.2%
Mercator (dat sing)Mercatori
95.2%
Mercator (abl sing)Mercatore
95.2%
Mercator (nom plu)Mercatores
95.2%
Mercator (acc plu)Mercatores
95.2%
Mercator (dat plu)Mercatoribus
95.2%
Mercator (abl plu)Mercatoribus
95.2%
Mercator (gen plu)Mercatorem
85.7%

You're not logged in!

Compare scores with friends on all Sporcle quizzes.
OR
Log In

You Might Also Like...

Show Comments

Extras

Created Sep 5, 2015ReportNominate
Tags:declension, serve

Top Quizzes Today


Score Distribution

Your Account Isn't Verified!

In order to create a playlist on Sporcle, you need to verify the email address you used during registration. Go to your Sporcle Settings to finish the process.

Report this User

Report this user for behavior that violates our Community Guidelines.

Details: